000 00779nam a2200265Ia 4500
003 OSt
005 20220918165642.0
006 a|||||r|||| 00| 0
007 ta
008 220917b |||||||| |||| 00| 0 eng d
020 _a8170228328 (hbk)
024 _a177,066
037 _cTextual
040 _aARTS
_cARTS
_beng
041 _2eng
_aeng
082 _aS:682(T), P0 (SC)
100 _aSahu Shantilata
_925048
245 0 _aPsychology of reading
_b role of orthographic features
260 _aNew Delhi
_bConcept Publishing Company
_c2000
300 _a140p.
_ccm.
490 _aAdvances in psychological research in India series; 4
650 _aPSYCHOLOGY
942 _hS:682(T), P0 (SC)
_cTEXL
_2CC
999 _c130625
_d130625